Corte Interamericana de Derechos Humanos

Bibliographic Details
Format: Journal
Language:Spanish
Published: San Jos,̌ Costa Rica : Corte Interamericana de Derechos Humanos, 1982-
Subjects:
Online Access:http://www.vlex.com/source/10939

MARC

LEADER 00000nas a22000007a 4500
005 20130503125707.0
007 cr|||| ||||
008 130503c1982 cr |||p s|||| 0|||b1spa d
035 |a 10939 
040 |a vLex 
090 |c 4271  |d 4271 
245 0 0 |a Corte Interamericana de Derechos Humanos  |h [Recurso electrn̤ico] 
256 |a Servicio en ln̕ea 
260 |a San Jos,̌ Costa Rica :  |b Corte Interamericana de Derechos Humanos,   |c 1982- 
300 |a 1 Recurso electrn̤ico 
506 |d vLex Global  |d vLex Global (Academic Edition, excluding Law Schools)  |d vLex Global (U.S. Academic Edition, Law Schools)  |d vLex Global (U.S. Academic Edition, excluding Law Schools)  |d vLex Global (Academic Edition, Law Schools) 
650 0 4 |a Derechos humanos  |v Revista  |z Amřica 
650 0 4 |a Jurisprudencia  |v Revista  |z Amřica 
740 |a vLex Revistas (Servicio en ln̕ea) 
856 |a Acceso restringido  |u http://www.vlex.com/source/10939 
942 |c REV 
999 0 |a Human rights